UM Logo
Normal view MARC view
  • International relations.

Entry Topical Term

Number of records used in: 1

001 - CONTROL NUMBER

  • control field: 39056

003 - CONTROL NUMBER IDENTIFIER

  • control field: OSt

005 - DATE AND TIME OF LATEST TRANSACTION

  • control field: 20190730132711.0

008 - FIXED-LENGTH DATA ELEMENTS

  • fixed length control field: 190730|| aca||aabn | a|a d

040 ## - CATALOGING SOURCE

  • Original cataloging agency: OSt
  • Transcribing agency: OSt

150 ## - HEADING--TOPICAL TERM

  • Topical term or geographic name entry element: International relations.

670 ## - SOURCE DATA FOUND

  • Source citation: Work cat.: (OSt): Bremmer, Ian. 39055, Populism and suspicion on both sides of the Atlantic could doom a new trade deal/, c2016.